Le menu Tim Hortons - Statistiques

Statistiques générales
  • Ce quiz a été pris 15 fois
    7 depuis la dernière actualisation
  • Le résultat moyen est 5 sur 151
Statistiques - réponses
Indice Réponse % Correct
Timbits Chocolat
50%
Beigne | Timbits Fraise
50%
Boisson réfrigéré Jus de pomme
50%
Boisson chaude Cappuccino
25%
Boisson glacé Cappuccino glacé
25%
Boisson chaude chocolat chaud
25%
Beigne Crème boston
25%
Timbits Crème sure
25%
Boisson réfrigéré Jus de pêche
25%
Sauce Moutarde
25%
Sauce Ranch
25%
Beigne Roussette au miel
25%
Boisson chaude Thé
25%
Sandwich déjeuner Tim matin travailleur Travailleur bacon
25%
Sandwich déjeuner Tim matin travailleur Travailleur saucisse
25%
Boisson chaude Américano
0%
Beigne | Timbits Ancienne au miel
0%
Beigne | Timbits Ancienne ordinaire
0%
Sandwich déjeuner Tim matin Bagel bacon
0%
Sandwich déjeuner Tim matin Bagel œuf et fromage
0%
Sandwich déjeuner Tim matin Bagel saucisse
0%
Sandwich déjeuner Tim matin Bagel saucisse et bacon
0%
Muffins Banane et pacane
0%
Wrap et bol delice BBQ
0%
Sauce BBQ crémeuse
0%
Beigne Beignet au pomme
0%
Biscuit Beurre d'arachide
0%
Muffins Bleuet sauvage
0%
Sandwich de diner BLT
0%
Sandwich déjeuner Tim matin BLT BLT bacon
0%
Sandwich déjeuner Tim matin BLT BLT œuf et fromage
0%
Sandwich déjeuner Tim matin BLT BLT saucisse
0%
Sandwich déjeuner Tim matin BLT BLT steak
0%
Sandwich de diner Bœuf rôti et cheddar
0%
Boisson réfrigéré Bouteille d'eau
0%
Soupe Brocoli
0%
Boisson chaude Café décaf
0%
Boisson chaude Café de torréfaction foncé
0%
Boisson chaude Café moka
0%
Boisson chaude Café original
0%
Bagel Cannelle raisin
0%
Muffins Carotte
0%
Soupe Chili
0%
Wrap et bol delice Chili doux
0%
Sauce Chipotle
0%
Boisson chaude chocolat chaud blanc
0%
Beigne Chocolat glacé
0%
Autre patisserie Chocolatine
0%
Sandwich de diner Club à la Tim
0%
Boisson réfrigéré Coke
0%
Boisson réfrigéré Coke diète
0%
Sauce | Wrap et bol delice coriandre et lime
0%
Beigne Crème boston à l'érable
0%
Beigne Crème sure glacé
0%
Sandwich déjeuner Tim matin Croissant bacon
0%
Sandwich déjeuner Tim matin Croissant œuf et fromage
0%
Sandwich déjeuner Tim matin Croissant saucisse
0%
Sandwich déjeuner Tim matin Croissant saucisse et bacon
0%
Beigne Double au chocolat
0%
Bagel Douze grains
0%
Boisson chaude Espresso
0%
Muffins Explosion de fruits
0%
Collation à déjeuner Galette de pomme de terre
0%
Timbits Gâteau d'anniversaire
0%
Boisson glacé Givré crémeux à la fraise
0%
Boisson glacé Givré crémeux à la vanille
0%
Boisson glacé Givré crémeux au chocolat
0%
Beigne Glacé à la vanille
0%
Beigne Glacé à l'érable
0%
Beigne Glacé au chocolat
0%
Beigne | Timbits Glacé au miel
0%
Boisson réfrigéré Grand lait au chocolat
0%
Boisson réfrigéré Grand lait blanc
0%
Grilled cheese Grilled cheese à la dinde
0%
Grilled cheese Grilled cheese au bacon
0%
Grilled cheese Grilled cheese au fromage
0%
Grilled cheese Grilled cheese au jambon
0%
Sauce | Wrap et bol delice Habanero
0%
Boisson glacé Infusé à froid
0%
Irrésistible Irrésistible au bœuf rôti et oignon croustillant
0%
Irrésistible Irrésistible au poulet croustillant
0%
Sandwich de diner Jambon cheddar
0%
Boisson réfrigéré Jus d'orange
0%
Sauce Ketchup
0%
Boisson chaude Latté
0%
Boisson glacé Latté glacé
0%
Boisson glacé Limonade glacé
0%
Boisson glacé Limonade glacé au fraise
0%
Boisson chaude Macchiato caramel
0%
Boisson glacé Macchiato glacé caramel
0%
Sauce Mayo
0%
Sauce Miel-moutarde
0%
Soupe minestron
0%
Sandwich déjeuner Tim matin Muffin anglais bacon
0%
Sandwich déjeuner Tim matin Muffin anglais œuf et fromage
0%
Sandwich déjeuner Tim matin Muffin anglais saucisse
0%
Sandwich déjeuner Tim matin Muffin anglais saucisse et bacon
0%
Sandwich déjeuner Tim matin Muffin anglais steak
0%
Bagel Nature
0%
Soupe Patate et bacon
0%
Biscuit Pépite au chocolat
0%
Muffins Pépite de chocolat
0%
Boisson réfrigéré Petit lait au chocolat
0%
Boisson réfrigéré Petit lait blanc
0%
Sandwich déjeuner Tim matin Petit pain déjeunée bacon
0%
Sandwich déjeuner Tim matin Petit pain déjeunée œuf et fromage
0%
Sandwich déjeuner Tim matin Petit pain déjeunée saucisse
0%
Sandwich déjeuner Tim matin Petit pain déjeunée saucisse et bacon
0%
Sandwich déjeuner Tim matin Petit pain déjeunée steak
0%
Bagel Plein gout
0%
Collation diner Poulet croustillant
0%
Soupe Poulet et nouilles
0%
Collation diner Quartier de pomme de terre
0%
Bagel Quatre fromages
0%
Boisson glacé RafraichiTim fraise melon
0%
Boisson glacé RafraichiTim pêche
0%
Boisson glacé RafraichiTim pétillant mure yuzu
0%
Boisson glacé RafraichiTim pétillant orange gingembre
0%
Beigne Roussette à l'érable
0%
Beigne Roussette au chocolat
0%
Bagel Sésame
0%
Boisson réfrigéré Soda au gingembre
0%
Muffins Son et raisin secs
0%
Boisson réfrigéré Sprite
0%
Sauce Steak
0%
Boisson chaude Thé latté
0%
Boisson glacé Tim glacé
0%
Soupe Tomate et parmesan
0%
Beigne Tourbillon à l'érable
0%
Sandwich déjeuner Tim matin travailleur Travailleur œuf et fromage
0%
Sandwich déjeuner Tim matin travailleur Travailleur saucisse et bacon
0%
Sandwich déjeuner Tim matin travailleur Travailleur steak
0%
Boisson chaude Vanille française
0%
Wrap grillé Wrap au bacon et sauce ranch
0%
Wrap grillé Wrap au poulet classique
0%
Wrap matin classique Wrap matin classique bacon
0%
Wrap matin classique Wrap matin classique œuf et fromage
0%
Wrap matin classique Wrap matin classique saucisse
0%
Wrap matin classique Wrap matin classique saucisse et bacon
0%
Wrap matin classique Wrap matin classique steak
0%
Wrap matin travailleur Wrap matin travailleur bacon
0%
Wrap matin travailleur Wrap matin travailleur œuf et fromage
0%
Wrap matin travailleur Wrap matin travailleur saucisse
0%
Wrap matin travailleur Wrap matin travailleur saucisse et bacon
0%
Wrap matin travailleur Wrap matin travailleur steak
0%
Aucun quiz correspondant
Distribution des résultats
% des personnes avec chaque résultat
Percentile par nombre de réponses
Votre historique - résultats
Vous n’avez pas pris ce quiz depuis la dernière actualisation